000 00674nam a2200241Ia 4500
003 OSt
005 20220918230545.0
006 a|||||r|||| 00| 0
007 ta
008 220917b |||||||| |||| 00| 0 eng d
024 _a255,735
037 _cTextual
040 _aARTS
_cARTS
_beng
041 _2eng
_aeng
082 _aQ:31:(R), 152L3
100 _asduy] lR
_9152823
245 0 _afujh'ojokn % ge bZ'oj ds vfLrRo D;ksa ugha ekurs\
260 _aiatkc]
_bnsolekt izdk'ku] Hkkjr
_c1973
300 _a240i.
_ccm.
700 _aoku ij'kqjke
_9152824
942 _hQ:31:(R), 152L3
_cTEXL
_2CC
999 _c288347
_d288347